Statistiken für Zufällige Formel 1 Rennfahrer

Klicken Sie hier um das Quiz zu spielen!

Allgemein

  • Dieses Quiz wurde 1.251 mal gespielt
  • Das Durchschnittsergebnis liegt bei 5 aus 9

Antwortstatistiken

Picture / Person% Korrekt
Michael Schumacher
99%
Fernando Alonso
98%
Sebastian Vettel
98%
Lewis Hamilton
96%
Max Verstappen
96%
Valtteri Bottas
96%
Lando Norris
96%
Charles Leclerc
94%
Daniel Ricciardo
94%
Nico Rosberg
93%
Niki Lauda
90%
Kimi Räikkönen
89%
Ayrton Senna
81%
Mika Häkkinen
79%
Alain Prost
77%
Nigel Mansell
75%
Juan Manuel Fangio
63%
James Hunt
56%
Jackie Stewart
46%
Damon Hill
45%
Keke Rosberg
36%
Nelson Piquet
32%
Emerson Fittipaldi
30%
Jochen Rindt
30%
Graham Hill
30%
Jim Clark
25%
Ronnie Peterson
22%
Eddie Irvine
22%
Bruce McLaren
21%
Jody Scheckter
21%
Stirling Moss
18%
Albert Ascari
17%
Alan Jones
14%
Carlos Reutemann
13%
Mario Andretti
11%
Jack Brabham
11%
Mike Hawthorn
5%
Carlos Pace
0%

Verteilung der Resultate

Perzentil nach korrekt beantworteten Fragen

Anzahl Personen mit jedem Resultat

Ihre Resultats-Entwicklung

Sie haben dieses Quiz noch nicht gespielt